000 00499nam a2200169Ia 4500
005 20250508155020.0
008 008 250505s9999 xx 000 0 eng d
037 _aTextual
040 _aFEDL
_beng
_cFEDL
041 _aeng
_2eng
084 _a372.7, LON
_qFEDL
245 0 _aTeacher's guide to my first and second number book
260 _aFalkirk Road, UK
_bLongmans, Green and Company Limited
_c1964
300 _a83p.
942 _cTEXL
_h372.7, LON
999 _c1353418
_d1353418